000 00677nam a2200229 i 4500
001 bgj
100 1 _aTORR, Katarzyna
245 1 0 _aBoomerang :
_belementary : podręcznik /
_cKatarzyna Torr ; Guy Russel Torr.
260 _aWarszawa :
_bWydawnictwo Szkolne PWN,
_c2002.
300 _a128 pp :
_bill. ;
_c30 cm.
490 1 _aJĘZYK ANGIELSKI DLA GIMNAZJUM
650 9 _aEnglish language
655 _aTextbooks for foreigners
700 1 _aTORR, Guy Russel.
_eco-author
830 _aJĘZYK ANGIELSKI DLA GIMNAZJUM
020 _a8371954999
040 _cBPK
041 0 _aeng
920 _a83-7195-499-9
942 _cKS
008 s uk f |000 0 eng
999 _c48934
_d48934
856 _uhttp://koha.tu.koszalin.pl/cgi-bin/koha/opac-detail.pl?biblionumber=48934
_yKatalog online BPK